<?xml version="1.0" encoding="UTF-8"?>
<record
    xmlns:xsi="http://www.w3.org/2001/XMLSchema-instance"
    xsi:schemaLocation="http://www.loc.gov/MARC21/slim http://www.loc.gov/standards/marcxml/schema/MARC21slim.xsd"
    xmlns="http://www.loc.gov/MARC21/slim">

  <leader>00736cam a2200217   4500</leader>
  <controlfield tag="005">20240429130614.0</controlfield>
  <controlfield tag="008">240429b     mx |||||||| |||| 00| 0 spa d</controlfield>
  <datafield tag="020" ind1=" " ind2=" ">
    <subfield code="a">968185893x</subfield>
  </datafield>
  <datafield tag="050" ind1="0" ind2="4">
    <subfield code="a">QH308.2 </subfield>
    <subfield code="b">N45 2001</subfield>
  </datafield>
  <datafield tag="100" ind1="1" ind2=" ">
    <subfield code="a">Nelson, Gideon E.</subfield>
  </datafield>
  <datafield tag="240" ind1="1" ind2="0">
    <subfield code="a">Biological  Principles Whit Human Applications.</subfield>
    <subfield code="l">Espa&#xF1;ol.</subfield>
  </datafield>
  <datafield tag="245" ind1="1" ind2="0">
    <subfield code="a">Principios de biolog&#xED;a </subfield>
    <subfield code="b"> : enfoque Humano</subfield>
    <subfield code="c"> / Gideon E. Nelson ; tr. de Ana Luisa Weckman Gonz&#xE1;lez.</subfield>
  </datafield>
  <datafield tag="250" ind1=" " ind2=" ">
    <subfield code="a">2a ed.</subfield>
  </datafield>
  <datafield tag="260" ind1=" " ind2=" ">
    <subfield code="a">M&#xE9;xico :</subfield>
    <subfield code="b">Limusa, </subfield>
    <subfield code="c">2001</subfield>
  </datafield>
  <datafield tag="300" ind1=" " ind2=" ">
    <subfield code="a">xiii, 436 p. :</subfield>
    <subfield code="b">il. ;</subfield>
    <subfield code="c">27 cm.</subfield>
  </datafield>
  <datafield tag="500" ind1=" " ind2=" ">
    <subfield code="a">Incluye glosario e &#xED;ndice</subfield>
  </datafield>
  <datafield tag="506" ind1=" " ind2=" ">
    <subfield code="a">Rec. Prop. Esc.</subfield>
  </datafield>
  <datafield tag="650" ind1=" " ind2="7">
    <subfield code="2">lemb</subfield>
    <subfield code="a">Biolog&#xED;a Humana </subfield>
  </datafield>
  <datafield tag="700" ind1="1" ind2=" ">
    <subfield code="a">Weckmam Gonz&#xE1;lez, Ana Luisa, </subfield>
    <subfield code="e">traductor</subfield>
  </datafield>
  <datafield tag="942" ind1=" " ind2=" ">
    <subfield code="2">lcc</subfield>
    <subfield code="c">LIB</subfield>
  </datafield>
  <datafield tag="999" ind1=" " ind2=" ">
    <subfield code="c">53734</subfield>
    <subfield code="d">53734</subfield>
  </datafield>
  <datafield tag="952" ind1=" " ind2=" ">
    <subfield code="1">0</subfield>
    <subfield code="2">lcc</subfield>
    <subfield code="4">0</subfield>
    <subfield code="7">3</subfield>
    <subfield code="a">LIC-032</subfield>
    <subfield code="b">LIC-032</subfield>
    <subfield code="c">GENERAL</subfield>
    <subfield code="d">2015-07-04</subfield>
    <subfield code="f">2a. ed.</subfield>
    <subfield code="k">CNE</subfield>
    <subfield code="o">QH308.2 N45 r2001</subfield>
    <subfield code="p">BFB000002097</subfield>
    <subfield code="r">2015-07-04 00:00:00</subfield>
    <subfield code="t">C:1</subfield>
    <subfield code="y">LIB</subfield>
  </datafield>
  <datafield tag="952" ind1=" " ind2=" ">
    <subfield code="1">0</subfield>
    <subfield code="2">lcc</subfield>
    <subfield code="4">0</subfield>
    <subfield code="7">0</subfield>
    <subfield code="a">BACH-006</subfield>
    <subfield code="b">BACH-006</subfield>
    <subfield code="c">GENERAL</subfield>
    <subfield code="d">2020-01-10</subfield>
    <subfield code="f">2a ed.</subfield>
    <subfield code="i">NMS</subfield>
    <subfield code="k">CNE</subfield>
    <subfield code="o">QH308.2 N45 2005</subfield>
    <subfield code="p">PIA000005053</subfield>
    <subfield code="r">2020-01-10 00:00:00</subfield>
    <subfield code="t">C:1</subfield>
    <subfield code="v">1.00</subfield>
    <subfield code="y">LIB</subfield>
  </datafield>
  <datafield tag="952" ind1=" " ind2=" ">
    <subfield code="1">0</subfield>
    <subfield code="2">lcc</subfield>
    <subfield code="4">0</subfield>
    <subfield code="7">0</subfield>
    <subfield code="a">BACH-006</subfield>
    <subfield code="b">BACH-006</subfield>
    <subfield code="c">GENERAL</subfield>
    <subfield code="d">2020-01-10</subfield>
    <subfield code="f">2a ed.</subfield>
    <subfield code="i">NMS</subfield>
    <subfield code="k">CNE</subfield>
    <subfield code="o">QH308.2 N45 2005</subfield>
    <subfield code="p">PIA000005054</subfield>
    <subfield code="r">2020-01-10 00:00:00</subfield>
    <subfield code="t">C:2</subfield>
    <subfield code="v">1.00</subfield>
    <subfield code="y">LIB</subfield>
  </datafield>
  <datafield tag="952" ind1=" " ind2=" ">
    <subfield code="1">0</subfield>
    <subfield code="2">lcc</subfield>
    <subfield code="4">0</subfield>
    <subfield code="7">0</subfield>
    <subfield code="a">BACH-005</subfield>
    <subfield code="b">BACH-005</subfield>
    <subfield code="c">GENERAL</subfield>
    <subfield code="d">2020-01-14</subfield>
    <subfield code="f">2 ed. </subfield>
    <subfield code="k">CNE</subfield>
    <subfield code="o">QH308 N44 1991 C:1</subfield>
    <subfield code="p">PJM000000868</subfield>
    <subfield code="r">2020-01-14 00:00:00</subfield>
    <subfield code="t">3</subfield>
    <subfield code="v">1.00</subfield>
    <subfield code="y">LIB</subfield>
  </datafield>
  <datafield tag="952" ind1=" " ind2=" ">
    <subfield code="1">0</subfield>
    <subfield code="2">lcc</subfield>
    <subfield code="4">0</subfield>
    <subfield code="7">0</subfield>
    <subfield code="a">BACH-005</subfield>
    <subfield code="b">BACH-005</subfield>
    <subfield code="c">GENERAL</subfield>
    <subfield code="d">2020-01-14</subfield>
    <subfield code="f">2 ed. </subfield>
    <subfield code="k">CNE</subfield>
    <subfield code="o">QH308 N44 1991 C:2</subfield>
    <subfield code="p">PJM000000869</subfield>
    <subfield code="r">2020-01-14 00:00:00</subfield>
    <subfield code="t">3</subfield>
    <subfield code="v">1.00</subfield>
    <subfield code="y">LIB</subfield>
  </datafield>
  <datafield tag="952" ind1=" " ind2=" ">
    <subfield code="1">0</subfield>
    <subfield code="2">lcc</subfield>
    <subfield code="4">0</subfield>
    <subfield code="7">0</subfield>
    <subfield code="a">BACH-005</subfield>
    <subfield code="b">BACH-005</subfield>
    <subfield code="c">GENERAL</subfield>
    <subfield code="d">2020-01-14</subfield>
    <subfield code="f">2 ed. </subfield>
    <subfield code="k">CNE</subfield>
    <subfield code="o">QH308 N44 1991 C:3</subfield>
    <subfield code="p">PJM000000870</subfield>
    <subfield code="r">2020-01-14 00:00:00</subfield>
    <subfield code="t">3</subfield>
    <subfield code="v">1.00</subfield>
    <subfield code="y">LIB</subfield>
  </datafield>
  <datafield tag="952" ind1=" " ind2=" ">
    <subfield code="1">0</subfield>
    <subfield code="2">lcc</subfield>
    <subfield code="4">0</subfield>
    <subfield code="7">0</subfield>
    <subfield code="a">UCIH</subfield>
    <subfield code="b">UCIH</subfield>
    <subfield code="c">GENERAL</subfield>
    <subfield code="d">2023-06-05</subfield>
    <subfield code="f">2a.</subfield>
    <subfield code="k">CNE</subfield>
    <subfield code="l">0</subfield>
    <subfield code="o">QH308.2 N45 1999</subfield>
    <subfield code="p">BCU000022514</subfield>
    <subfield code="r">2023-06-05 00:00:00</subfield>
    <subfield code="t">C:1</subfield>
    <subfield code="v">1.00</subfield>
    <subfield code="y">LIB</subfield>
  </datafield>
  <datafield tag="952" ind1=" " ind2=" ">
    <subfield code="1">0</subfield>
    <subfield code="2">lcc</subfield>
    <subfield code="4">0</subfield>
    <subfield code="7">0</subfield>
    <subfield code="a">UCIH</subfield>
    <subfield code="b">UCIH</subfield>
    <subfield code="c">GENERAL</subfield>
    <subfield code="d">2023-06-05</subfield>
    <subfield code="f">1a.</subfield>
    <subfield code="k">CNE</subfield>
    <subfield code="l">0</subfield>
    <subfield code="o">QH308.2 N45 1991</subfield>
    <subfield code="p">BCU000022515</subfield>
    <subfield code="r">2023-06-05 00:00:00</subfield>
    <subfield code="t">C:1</subfield>
    <subfield code="v">1.00</subfield>
    <subfield code="y">LIB</subfield>
  </datafield>
  <datafield tag="952" ind1=" " ind2=" ">
    <subfield code="1">0</subfield>
    <subfield code="2">lcc</subfield>
    <subfield code="4">0</subfield>
    <subfield code="7">0</subfield>
    <subfield code="a">BACH-007</subfield>
    <subfield code="b">BACH-007</subfield>
    <subfield code="c">GENERAL</subfield>
    <subfield code="d">2023-12-06</subfield>
    <subfield code="f">2a. ed.</subfield>
    <subfield code="k">CNE</subfield>
    <subfield code="l">0</subfield>
    <subfield code="o">QH308 N45 r2001</subfield>
    <subfield code="p">pmo000003565</subfield>
    <subfield code="r">2023-12-06 00:00:00</subfield>
    <subfield code="t">C: 1</subfield>
    <subfield code="v">1.00</subfield>
    <subfield code="y">LIB</subfield>
  </datafield>
  <datafield tag="952" ind1=" " ind2=" ">
    <subfield code="1">0</subfield>
    <subfield code="2">lcc</subfield>
    <subfield code="4">0</subfield>
    <subfield code="7">0</subfield>
    <subfield code="a">BACH-007</subfield>
    <subfield code="b">BACH-007</subfield>
    <subfield code="c">GENERAL</subfield>
    <subfield code="d">2023-12-06</subfield>
    <subfield code="f">2a. ed.</subfield>
    <subfield code="k">CNE</subfield>
    <subfield code="l">0</subfield>
    <subfield code="o">QH308 N45 r2001</subfield>
    <subfield code="p">pmo000003566</subfield>
    <subfield code="r">2023-12-06 00:00:00</subfield>
    <subfield code="t">C: 2</subfield>
    <subfield code="v">1.00</subfield>
    <subfield code="y">LIB</subfield>
  </datafield>
  <datafield tag="952" ind1=" " ind2=" ">
    <subfield code="1">0</subfield>
    <subfield code="2">lcc</subfield>
    <subfield code="4">0</subfield>
    <subfield code="7">0</subfield>
    <subfield code="a">BACH-007</subfield>
    <subfield code="b">BACH-007</subfield>
    <subfield code="c">GENERAL</subfield>
    <subfield code="d">2023-12-06</subfield>
    <subfield code="f">2a. ed.</subfield>
    <subfield code="k">CNE</subfield>
    <subfield code="l">0</subfield>
    <subfield code="o">QH308 N45 r2001</subfield>
    <subfield code="p">pmo000003567</subfield>
    <subfield code="r">2023-12-06 00:00:00</subfield>
    <subfield code="t">C: 3</subfield>
    <subfield code="v">1.00</subfield>
    <subfield code="y">LIB</subfield>
  </datafield>
</record>
